100 facts : (Record no. 172170)

MARC details
000 -LEADER
fixed length control field 01281nam a22002897i 4500
005 - DATE AND TIME OF LATEST TRANSACTION
control field 20190415155647.0
008 - FIXED-LENGTH DATA ELEMENTS--GENERAL INFORMATION
fixed length control field 190415t20142007-ukao j 001 0 eng d
020 ## - INTERNATIONAL STANDARD BOOK NUMBER
International Standard Book Number 9781848101029
Qualifying information paperback
Terms of availability RM17.90
040 ## - CATALOGING SOURCE
Original cataloging agency PPAK
Language of cataloging eng
Transcribing agency PPAK
Description conventions rda
082 04 - DEWEY DECIMAL CLASSIFICATION NUMBER
Classification number 599.67
Edition number 23
090 00 - LOCALLY ASSIGNED LC-TYPE CALL NUMBER (OCLC); LOCAL CALL NUMBER (RLIN)
Classification number (OCLC) (R) ; Classification number, CALL (RLIN) (NR) 599.67
Feature heading DEL
Feature heading RK
100 1# - MAIN ENTRY--PERSONAL NAME
Personal name De La Bedoyere, Camilla,
Relator term author.
245 10 - TITLE STATEMENT
Title 100 facts :
Remainder of title Elephants /
Statement of responsibility, etc. Camilla de la Bedoyere ; Consultant: Steve Parker
246 3# - VARYING FORM OF TITLE
Title proper/short title One hundred facts :
Remainder of title elephants
264 #1 - PRODUCTION, PUBLICATION, DISTRIBUTION, MANUFACTURE, AND COPYRIGHT NOTICE
Place of production, publication, distribution, manufacture Essex, United Kingdom :
Name of producer, publisher, distributor, manufacturer Miles Kelly Publishing Ltd,
Date of production, publication, distribution, manufacture, or copyright notice 2014
Date of production, publication, distribution, manufacture, or copyright notice ©2007
300 ## - PHYSICAL DESCRIPTION
Extent 48 pages :
Other physical details colour illustrations, colour photographs ;
Dimensions 30 cm
336 ## - CONTENT TYPE
Source rdacontent
Content type term text
337 ## - MEDIA TYPE
Source rdamedia
Media type term unmediated
338 ## - CARRIER TYPE
Source rdacarrier
Carrier type term volume
500 ## - GENERAL NOTE
General note Includes index.
General note "Projects • Quizzes • Fun Facts • Cartoons" -- Cover page.
520 ## - SUMMARY, ETC.
Summary, etc. Discover everything you need to know about the biggest land-living creatures with this brilliant book. One hundred facts, fantastic illustrations, and hilarious cartoons give you the inside story on elephant anatomy and habitats, while fun quizzes test your knowledge.
650 10 - SUBJECT ADDED ENTRY--TOPICAL TERM
Topical term or geographic name entry element Elephants
Form subdivision Miscellanea
-- Juvenile literature
700 1# - ADDED ENTRY--PERSONAL NAME
Personal name Parker, Steve,
Relator term consultant.
942 ## - ADDED ENTRY ELEMENTS (KOHA)
Source of classification or shelving scheme Dewey Decimal Classification
Koha item type Book
Holdings
Withdrawn Not for loan Current library Shelving location Date acquired Full call number Barcode Date last seen Koha item type
  Not For Loan Perpustakaan Alor Setar Rujukan Kanak-kanak 29/04/2019 RK 599.67 DEL A01598925 29/04/2019 Book
  Not For Loan Perpustakaan Awam Sungai Petani Rujukan Kanak-kanak 29/04/2019 RK 599.67 DEL A01598926 29/04/2019 Book
  Not For Loan Perpustakaan Kulim Rujukan Kanak-kanak 29/04/2019 RK 599.67 DEL A01598928 29/04/2019 Book
  Not For Loan Perpustakaan Langkawi Rujukan Kanak-kanak 29/04/2019 RK 599.67 DEL A01598927 29/04/2019 Book